000 00494nam a22001817a 4500
003 0
005 20231227134419.0
008 231227b xxu||||| |||| 00| 0 eng d
020 _a9781508197140
050 _aTR
_bPo743 2018
082 _aTR
_bPo743 2018
245 _aPoems about weather
260 _aNew York
_bWindmill Books
_cc2018.
300 _a24 pages :
_bcolored illustrations ;
_c22cm.
504 _aIncludes index.
650 _aWeather--Juvenile literature.
942 _2ddc
_cBK
999 _c365791
_d365791